[Event "South America-ch 1st"]
[Site "Lima"]
[Date "2023.09.20"]
[Round "7"]
[White "Astoyauri De la Cruz, Fernando Isaac"]
[Black "Soria Castillo, Ricardo"]
[Result "1-0"]
[WhiteElo "1428"]
[BlackElo "1849"]
[PlyCount "89"]
[EventDate "2023.09.14"]
[EventType "swiss"]
[EventRounds "9"]
[EventCountry "PER"]
[SourceTitle "EXT 2024"]
[Source "ChessBase"]
[SourceDate "2023.10.10"]
[SourceVersion "1"]
[SourceVersionDate "2023.10.10"]
[SourceQuality "1"]

1. e4 d6 2. d4 g6 3. Nf3 Bg7 4. Bd3 c5 5. c3 Nf6 6. 0-0 0-0 7. h3 Nc6 8. Be3 cxd4 9. cxd4 Nb4 10. Nc3 Nxd3 11. Qxd3 b6 12. a4 a5 13. Nb5 Bb7 14. Nd2 Rc8 15. Rac1 Ba6 16. d5 Nd7 17. b3 Nc5 18. Bxc5 bxc5 19. Nc4 Rb8 20. Rc2 Bxb5 21. axb5 Qd7 22. b6 Qb5 23. Rd1 Ra8 24. Ra2 Rfb8 25. Ra4 Bd4 26. Kf1 Kg7 27. Ke2 Rd8 28. Kf1 Ra6 29. Rd2 Rda8 30. Kg1 h5 31. Kh1 g5 32. Qg3 f6 33. Rd3 Qd7 34. f4 g4 35. f5 Rc8 36. hxg4 Kf8 37. Qh4 hxg4 38. Rg3 Qb5 39. Rd3 Rxb6 40. Rxa5 Qb4 41. Ra4 Qb5 42. Nxb6 Qxd3 43. Qh6+ Kf7 44. Qh5+ Kg7 45. Qg6+ 1-0

[Event "South America-ch 1st"]
[Site "Lima"]
[Date "2023.09.19"]
[Round "6"]
[White "Soria Castillo, Ricardo"]
[Black "Flores Ramirez, Rodolfo Joaquin"]
[Result "1-0"]
[WhiteElo "1849"]
[BlackElo "1288"]
[PlyCount "60"]
[EventDate "2023.09.14"]
[EventType "swiss"]
[EventRounds "9"]
[EventCountry "PER"]
[SourceTitle "EXT 2024"]
[Source "ChessBase"]
[SourceDate "2023.10.10"]
[SourceVersion "1"]
[SourceVersionDate "2023.10.10"]
[SourceQuality "1"]

1. e4 c5 2. Ne2 g6 3. c3 Nc6 4. d4 cxd4 5. cxd4 d6 6. Nbc3 Bg7 7. g3 Bg4 8. Qd3 b6 9. a3 e6 10. f3 Bh5 11. g4 Qh4+ 12. Kd1 Bxg4 13. fxg4 Qxg4 14. Rg1 Qh5 15. Be3 Qxh2 16. Kd2 h5 17. Bf4 Qh4 18. Bg5 Bh6 19. Qe3 Bxg5 20. Rxg5 Nge7 21. Bg2 f6 22. Rg3 e5 23. Rh1 exd4 24. Nxd4 Qxg3 25. Qxg3 Nxd4 26. Qf2 Ne6 27. Nd5 Rf8 28. Bh3 Nxd5 29. exd5 Nc5 30. Qe3+ Kf7 1-0

[Event "PER-ch"]
[Site "Lima"]
[Date "2023.09.02"]
[Round "6"]
[White "Ayala Aranibar, Adrian Alexander"]
[Black "Soria Castillo, Ricardo"]
[Result "0-1"]
[WhiteElo "1252"]
[BlackElo "1849"]
[PlyCount "90"]
[EventDate "2023.08.29"]
[EventType "swiss"]
[EventRounds "9"]
[EventCountry "PER"]
[SourceTitle "EXT 2024"]
[Source "ChessBase"]
[SourceDate "2023.10.10"]
[SourceVersion "1"]
[SourceVersionDate "2023.10.10"]
[SourceQuality "1"]

1. e4 d6 2. d4 Nf6 3. Bd3 g6 4. f4 Bg7 5. Nf3 c5 6. dxc5 Qa5+ 7. Nc3 Qxc5 8. h3 Nh5 9. g4 Nf6 10. Bd2 Na6 11. a3 Bd7 12. Qe2 0-0 13. 0-0-0 Rfc8 14. Be3 Qa5 15. Bd4 Nc7 16. g5 Nh5 17. Qh2 b5 18. Bxg7 Kxg7 19. Nd4 b4 20. Nb3 Qb6 21. axb4 Qxb4 22. Be2 a5 23. Bxh5 a4 24. Bg4 e6 25. Na2 Qxe4 26. Nd2 Qd5 27. Kb1 Rab8 28. h4 Nb5 29. Qh3 Rxc2 30. Kxc2 Qxa2 31. Rb1 Nd4+ 32. Kc1 Nb3+ 33. Nxb3 Rxb3 34. Qf1 a3 35. Rh2 Bb5 36. Qd1 Bd3 37. Rc2 e5 38. fxe5 dxe5 39. Be2 axb2+ 40. Rbxb2 Qa1+ 41. Kd2 Qa5+ 42. Kc1 Bxc2 43. Rxc2 Qa3+ 44. Kd2 Qb4+ 45. Kc1 Rb1# 0-1

[Event "Pan American-ch Seniors 50"]
[Site "Lima"]
[Date "2023.05.01"]
[Round "9"]
[White "Soria Castillo, Ricardo"]
[Black "Lacayo, Rene"]
[Result "0-1"]
[WhiteElo "1820"]
[BlackElo "2272"]
[PlyCount "66"]
[EventDate "2023.04.26"]
[EventType "swiss"]
[EventRounds "9"]
[EventCountry "PER"]
[SourceTitle "CBM 214 Extra"]
[Source "ChessBase"]
[SourceDate "2023.07.31"]
[SourceVersion "1"]
[SourceVersionDate "2023.07.31"]
[SourceQuality "1"]

1. e4 e5 2. Nf3 Nc6 3. Bb5 a6 4. Ba4 Nf6 5. 0-0 Be7 6. Re1 b5 7. Bb3 d6 8. c3 0-0 9. h3 Bb7 10. d4 Re8 11. a4 h6 12. d5 Nb8 13. axb5 axb5 14. Rxa8 Bxa8 15. Na3 c6 16. dxc6 Bxc6 17. Bd5 Nxd5 18. exd5 Bd7 19. b4 Qb6 20. Be3 Qb7 21. Qb3 Na6 22. Rd1 Ra8 23. Nb1 Nc7 24. Nxe5 dxe5 25. d6 Be6 26. Qc2 Bf8 27. dxc7 Qxc7 28. Qe2 Qc6 29. f4 exf4 30. Bxf4 Ra2 31. Qf1 Bb3 32. Rc1 Bc4 33. Qf3 Bd5 0-1

[Event "Pan American-ch Seniors 50"]
[Site "Lima"]
[Date "2023.04.28"]
[Round "4"]
[White "Soria Castillo, Ricardo"]
[Black "Laura Saavedra, Miguel Nicanor"]
[Result "1-0"]
[WhiteElo "1820"]
[BlackElo "1649"]
[PlyCount "80"]
[EventDate "2023.04.26"]
[EventType "swiss"]
[EventRounds "9"]
[EventCountry "PER"]
[SourceTitle "CBM 214 Extra"]
[Source "ChessBase"]
[SourceDate "2023.07.31"]
[SourceVersion "1"]
[SourceVersionDate "2023.07.31"]
[SourceQuality "1"]

1. e4 b6 2. Nf3 Bb7 3. Bc4 e6 4. Nc3 Nf6 5. e5 d5 6. Bb5+ Nfd7 7. d4 Be7 8. Ne2 c5 9. c3 Nc6 10. Ng3 Qc7 11. Nh5 Rg8 12. Ng5 h6 13. Nxf7 Kxf7 14. Qf3+ Ke8 15. Qg4 Nf8 16. Nxg7+ Rxg7 17. Qxg7 cxd4 18. Bxh6 dxc3 19. bxc3 a6 20. Bxc6+ Bxc6 21. 0-0 Bb5 22. Rfe1 Kd8 23. h4 Kc8 24. a4 Bd3 25. Qg3 Bf5 26. c4 dxc4 27. Rac1 b5 28. Qf3 Qb7 29. Qg3 Kc7 30. h5 Rd8 31. Qg7 Kb8 32. Be3 Bb4 33. Qg5 Re8 34. Red1 Bd3 35. axb5 axb5 36. Ra1 Nd7 37. Ra7 Qc6 38. Qg7 Rd8 39. Rda1 Bc3 40. R1a6 Bxe5 1-0

[Event "Santiago de Surco Cup Santa Maria 1st"]
[Site "Santiago de Surco"]
[Date "2016.12.10"]
[Round "7.2"]
[White "Angeles Mercado, Anthony R"]
[Black "Soria Castillo, Ricardo"]
[Result "1-0"]
[WhiteElo "2027"]
[BlackElo "2109"]
[PlyCount "59"]
[EventDate "2016.11.26"]
[EventType "swiss"]
[EventRounds "7"]
[EventCountry "PER"]
[SourceTitle "EXT 2024"]
[Source "ChessBase"]
[SourceDate "2023.10.10"]
[SourceVersion "1"]
[SourceVersionDate "2023.10.10"]
[SourceQuality "1"]

1. e4 d6 2. d4 Nf6 3. Nc3 g6 4. f4 Bg7 5. Nf3 0-0 6. Bd3 c5 7. d5 e6 8. dxe6 Bxe6 9. f5 Bd7 10. 0-0 Qa5 11. e5 dxe5 12. Nxe5 c4 13. Nxc4 Qc5+ 14. Be3 Qc7 15. Bf4 Qc5+ 16. Kh1 b5 17. Bd6 Qd4 18. Rf4 Qxf4 19. Bxf4 bxc4 20. Bxc4 Bxf5 21. Nd5 Nc6 22. Nxf6+ Bxf6 23. Qd6 Bxb2 24. Rb1 Na5 25. Bd5 Rac8 26. Rxb2 Rfd8 27. Qe5 Nc4 28. Bxf7+ Kxf7 29. Rb7+ Rd7 30. Qd5+ 1-0

[Event "Santiago de Surco Cup Santa Maria 1st"]
[Site "Santiago de Surco"]
[Date "2016.12.03"]
[Round "3.3"]
[White "Soria Castillo, Ricardo"]
[Black "Bedoya Rosales, Luis"]
[Result "1-0"]
[WhiteElo "2109"]
[BlackElo "1897"]
[PlyCount "72"]
[EventDate "2016.11.26"]
[EventType "swiss"]
[EventRounds "7"]
[EventCountry "PER"]
[SourceTitle "EXT 2024"]
[Source "ChessBase"]
[SourceDate "2023.10.10"]
[SourceVersion "1"]
[SourceVersionDate "2023.10.10"]
[SourceQuality "1"]

1. e4 c5 2. Nc3 a6 3. Nce2 d5 4. Ng3 g6 5. Nf3 Bg7 6. Be2 Nf6 7. exd5 Qxd5 8. d3 0-0 9. 0-0 Rd8 10. h3 h5 11. Bf4 e5 12. Bg5 Re8 13. c3 Nc6 14. Qa4 b5 15. Qh4 Nh7 16. Be3 Nf6 17. Ng5 Bb7 18. N3e4 Ne7 19. g4 Nxe4 20. dxe4 Qc6 21. gxh5 f6 22. Nf3 Qxe4 23. Qxe4 Bxe4 24. Bxc5 Nd5 25. Rfe1 Bf5 26. Nh4 Nf4 27. hxg6 Bxh3 28. a4 bxa4 29. Rxa4 Be6 30. Bf3 Nd3 31. Bxa8 Rxa8 32. Rea1 Nxc5 33. Ra5 Bf8 34. b4 Ne4 35. Rxa6 Re8 36. Ra7 Ng5 1-0

[Event "Seville op 34th"]
[Site "Seville"]
[Date "2009.01.27"]
[Round "5"]
[White "Soria Castillo, Ricardo"]
[Black "Pena Dieguez, Manuel"]
[Result "0-1"]
[WhiteElo "2177"]
[BlackElo "2071"]
[PlyCount "78"]
[EventDate "2009.01.23"]
[EventType "swiss"]
[EventRounds "9"]
[EventCountry "ESP"]
[SourceTitle "CBM 128 Extra"]
[Source "ChessBase"]
[SourceDate "2009.03.05"]
[SourceVersion "2"]
[SourceVersionDate "2009.03.25"]
[SourceQuality "1"]

1. e4 e6 2. d4 d5 3. Nc3 Bb4 4. e5 c5 5. a3 Bxc3+ 6. bxc3 Qc7 7. Nf3 Nc6 8. Be2 f6 9. Bf4 Qe7 10. 0-0 fxe5 11. Nxe5 Nxe5 12. Bxe5 Nf6 13. dxc5 Bd7 14. Bd6 Qf7 15. c4 Qg6 16. Bf3 0-0-0 17. Re1 Rhe8 18. Re5 Bc6 19. Qd2 Ne4 20. Bxe4 dxe4 21. Qa5 Rd7 22. g3 Qf6 23. Re1 g5 24. Re3 Rf7 25. Qd2 Rd8 26. R5xe4 Bxe4 27. Rxe4 Qf5 28. Qe2 Rf6 29. Kg2 Rh6 30. g4 Qf7 31. Rd4 Rf6 32. c6 e5 33. Bxe5 Rxd4 34. Bxd4 Rxc6 35. Be3 Rxc4 36. Bxg5 Qd5+ 37. f3 Rxg4+ 38. Kh3 Rxg5 39. Qe8+ Kc7 0-1

[Event "Espartinas"]
[Site "Espartinas"]
[Date "2007.05.03"]
[Round "6"]
[White "Teran Alvarez, Ismael"]
[Black "Soria Castillo, Ricardo"]
[Result "1/2-1/2"]
[WhiteElo "2417"]
[BlackElo "2139"]
[PlyCount "51"]
[EventDate "2007.04.28"]
[EventType "tourn"]
[EventRounds "9"]
[EventCountry "ESP"]
[EventCategory "1"]
[SourceTitle "CBM 118 Extra"]
[Source "ChessBase"]
[SourceDate "2007.07.04"]
[SourceVersion "1"]
[SourceVersionDate "2007.07.04"]
[SourceQuality "1"]

1. d4 Nf6 2. Nf3 e6 3. c4 d5 4. Nc3 Be7 5. cxd5 Nxd5 6. e4 Nxc3 7. bxc3 0-0 8. Bc4 c5 9. 0-0 Qa5 10. Qb3 Nd7 11. Bd2 a6 12. a4 Nb6 13. Be2 Nd7 14. c4 Qc7 15. d5 exd5 16. cxd5 Bd6 17. a5 Re8 18. Qc2 Nf6 19. Bd3 c4 20. Qxc4 Qxc4 21. Bxc4 Rxe4 22. Rfc1 Bg4 23. Ng5 Re7 24. h3 Bf5 25. Be3 h6 26. Nf3 1/2-1/2

[Event "Espartinas"]
[Site "Espartinas"]
[Date "2007.05.01"]
[Round "4"]
[White "Aranaz Portugues, Jose Carlos"]
[Black "Soria Castillo, Ricardo"]
[Result "1/2-1/2"]
[WhiteElo "2180"]
[BlackElo "2139"]
[PlyCount "113"]
[EventDate "2007.04.28"]
[EventType "tourn"]
[EventRounds "9"]
[EventCountry "ESP"]
[EventCategory "1"]
[SourceTitle "CBM 118 Extra"]
[Source "ChessBase"]
[SourceDate "2007.07.04"]
[SourceVersion "1"]
[SourceVersionDate "2007.07.04"]
[SourceQuality "1"]

1. d4 d6 2. Bg5 c5 3. d5 h6 4. Bd2 Nf6 5. Nc3 e6 6. e4 Be7 7. Nf3 0-0 8. Be2 a6 9. a4 Nbd7 10. 0-0 b6 11. dxe6 fxe6 12. Bc4 Nb8 13. e5 Ne4 14. Nxe4 d5 15. Bd3 c4 16. Ng3 cxd3 17. cxd3 Nc6 18. Bxh6 gxh6 19. Qc1 Rxf3 20. gxf3 Nxe5 21. Qxh6 Qf8 22. Qh5 Nxf3+ 23. Kh1 Qf7 24. Qg4+ Kf8 25. Rac1 Bc5 26. d4 e5 27. Qh5 Qxh5 28. Nxh5 Nxd4 29. f4 e4 30. Nf6 e3 31. b4 Bd6 32. Rfd1 Ne2 33. Rc6 d4 34. Rxd6 Bb7+ 35. Nd5 Nc3 36. Rxd4 e2 37. Re6 Nxd5 38. Kg1 Nc3 39. Kf2 Re8 40. Rxe8+ Kxe8 41. Rc4 Nxa4 42. Kxe2 Bd5 43. Rd4 Ke7 44. h4 Be6 45. h5 Bg4+ 46. Ke3 Bxh5 47. Ke4 Nc3+ 48. Ke5 Nb5 49. Rd3 Be2 50. Rd2 Bc4 51. f5 a5 52. f6+ Ke8 53. bxa5 bxa5 54. Rc2 Bb3 55. Rc8+ Kd7 56. Ra8 a4 57. f7 1/2-1/2